书目信息 |
| 题名: |
建筑类专业英语 暖通与燃气
|
|
| 作者: | 周保强 , 张少凡 主编 | |
| 分册: | 第三册 | |
| 出版信息: | 北京 中国建筑工业出版社 1997.06 |
|
| 页数: | 190页 | |
| 开本: | 16开 | |
| 丛书名: | ||
| 单 册: | ||
| 中图分类: | H319.4 , H319.4:TU8 | |
| 科图分类: | ||
| 主题词: | 英语 | |
| 电子资源: | ||
| ISBN: | 7-112-03037-4 | |
| 000 | 00656nam0 2200205 45 | |
| 001 | 1439174851 | |
| 005 | 20160914100721.38 | |
| 010 | @a7-112-03037-4@dCNY22.00 | |
| 100 | @a20001203d1997 km y0chiy0120 ea | |
| 101 | 0 | @achi |
| 200 | 1 | @a建筑类专业英语 暖通与燃气@Ajian zhu lei zhuan ye ying yu nuan tong yu ran qi@h第三册@f周保强,张少凡主编@FZhou Bao Qiang,Zhang Shao Fan Zhu Bian |
| 210 | @a北京@c中国建筑工业出版社@d1997.06 | |
| 215 | @a190页@d16开 | |
| 606 | 0 | @a英语 |
| 690 | @aH319.4@v3 | |
| 690 | @aH319.4:TU8@v4 | |
| 701 | 0 | @a周保强@4主编 |
| 701 | 0 | @a张少凡@4主编 |
| 801 | @aCN@bPftUser@c20100610 | |
| 905 | @dH319.4:TU8@eZ750:3@b317465-474@f10 | |
| 建筑类专业英语 暖通与燃气.第三册/周保强,张少凡主编.-北京:中国建筑工业出版社,1997.06 |
| 190页;16开 |
| ISBN 7-112-03037-4:CNY22.00 |
| ● |
| 相关链接 |
|
|
|
正题名:建筑类专业英语 暖通与燃气
索取号:H319.4:TU8/Z750:3
 
预约/预借
| 序号 | 登录号 | 条形码 | 馆藏地/架位号 | 状态 | 备注 |
| 1 | 1238534 | 212385346 | 社科二线400B/400B社科库 12排4列1层/ [索取号:H319.4:TU8/Z750:3] | 在馆 | |
| 2 | 493886 | 204938862 | 语言库209/209语言库 27排1列5层/ [索取号:H319.4:TU8/Z750:3] | 在馆 |